000 00331nam a22001337a 4500
008 170823b xxu||||| |||| 00| 0 eng d
020 _a0716717042
041 _aeng
080 _a311
100 _a38
101 _aSTA
245 _aMULTIPLE REGRESSION AND THE ANALYSIS OF VARIANCE AND COVARIANCE
_cEDWARDS,A.L
942 _2udc
_cBK
999 _c24608
_d24608